Relaciones públicas estrategias y t cticas / Dennis Wilcox, Glen t. Cameron, Jordi Xifra (Registro nro. 26311)
[ vista simple ]
| 000 -LÍDER | |
|---|---|
| fixed length control field | 00508nam a2200157 4500 |
| 020 ## - NÚMERO INTERNACIONAL NORMALIZADO PARA LIBROS | |
| ISBN | 978-84-205-5035-0 |
| 050 ## - SIGNATURA TOPOGRAFICA DE LA BIBLIOTECA DEL CONGRESO (LC) | |
| Número de Clasificación | HM1221 W518 2006 |
| 082 ## - NUMERO DE CLASIFICACION DECIMAL DEWEY | |
| Número de Clasificación | 659.219 W666r |
| 100 ## - ASIENTO PRINCIPAL--NOMBRE PERSONAL | |
| Nombre personal | Wilcox, Dennis |
| 245 ## - TÍTULO | |
| Título | Relaciones públicas estrategias y t cticas / Dennis Wilcox, Glen t. Cameron, Jordi Xifra |
| 250 ## - MENCIÓN DE EDICIÓN | |
| Mención de edición | 8 |
| 260 ## - PUBLICACIÓN, DISTRIBUCIÓN, ETC. (PIE DE IMPRENTA) | |
| Lugar de publicación, distribución, etc. | España, Madrid : Pearson Educación |
| 300 ## - DESCRIPCIÓN FÍSICA | |
| Extensión | xxxi, 783 p. / 26 cm |
| 650 ## - ASIENTO SECUNDARIO DE MATERIA - TERMINO TEMÁTICO | |
| Término temático o nombre geográfico como elemento de entrada | 1. RELACIONES PUBLICAS |
| 700 ## - ASIENTO SECUNDARIO - NOMBRE PERSONAL | |
| Nombre personal | I. Cameron, Glen T. coaut. II. Xifra, Jordi. coaut. |
| No. biblioteca | No. biblioteca | Número de clasificación | Código de barras/Número de adquisición | Número de copia | Tipo de material |
|---|---|---|---|---|---|
| ÁREA DE INDUSTRIAL | ÁREA DE INDUSTRIAL | 659.219 W666r | 50822 | 1 | Libros |
| ÁREA DE INDUSTRIAL | ÁREA DE INDUSTRIAL | 659.219 W666r | 50823 | 2 | Libros |
